[Event "TUR-chT Clubs"]
[Site "Konya"]
[Date "2019.07.18"]
[Round "4.20"]
[White "Kulaber, Fatih"]
[Black "Sirin, Omer Furkan"]
[Result "0-1"]
[WhiteElo "1670"]
[BlackElo "1253"]
[PlyCount "64"]
[EventDate "2019.07.16"]
[EventType "team-swiss"]
[EventRounds "9"]
[EventCountry "TUR"]
[SourceTitle "CBM 191 Extra"]
[Source "ChessBase"]
[SourceDate "2019.09.30"]
[SourceVersion "1"]
[SourceVersionDate "2019.09.30"]
[SourceQuality "1"]
[WhiteTeam "Baglarbasi"]
[BlackTeam "Altin Cocuklar"]
[WhiteTeamCountry "TUR"]
[BlackTeamCountry "TUR"]

1. Nc3 d5 2. e4 dxe4 3. Nxe4 Nf6 4. Ng3 e6 5. Nf3 Be7 6. d4 0-0 7. Be2 b6 8. 0-0 Bb7 9. Be3 Nbd7 10. c3 c5 11. Qc2 Rc8 12. Rad1 Qc7 13. Ng5 h6 14. N5e4 Nd5 15. Bb5 cxd4 16. Bxd7 Qxd7 17. Bxd4 Qc7 18. Rfe1 e5 19. Be3 f5 20. Nxf5 Rxf5 21. Nd6 Nxe3 22. Rxe3 Rg5 23. Qb3+ Kh7 24. Nxc8 Rxg2+ 25. Kf1 Qxc8 26. Rg3 Rxg3 27. hxg3 Bf3 28. Rd3 Qh3+ 29. Ke1 Qh1+ 30. Kd2 Bg5+ 31. Re3 Qf1 32. Qc2+ Kh8 0-1

[Event "Istanbul op-B 12th"]
[Site "Istanbul"]
[Date "2013.10.16"]
[Round "6"]
[White "Kulaber, Fatih"]
[Black "Silivri, Volkan Resat"]
[Result "1-0"]
[WhiteElo "1780"]
[BlackElo "1692"]
[PlyCount "47"]
[EventDate "2013.10.12"]
[EventType "swiss"]
[EventRounds "9"]
[EventCountry "TUR"]
[SourceTitle "EXT 2014"]
[Source "ChessBase"]
[SourceDate "2013.11.20"]
[SourceVersion "1"]
[SourceVersionDate "2013.11.20"]
[SourceQuality "1"]

1. e4 d5 2. Nc3 d4 3. Nce2 e5 4. Nf3 Nc6 5. Ng3 Nf6 6. Bb5 Bd6 7. d3 0-0 8. Bxc6 bxc6 9. Bg5 h6 10. Bd2 Rb8 11. Qc1 Nh7 12. 0-0 f5 13. exf5 Bxf5 14. Re1 Qf6 15. Nxf5 Qxf5 16. Rf1 Qh5 17. Ne1 e4 18. g3 e3 19. Bxe3 dxe3 20. Qxe3 Rbe8 21. Qxa7 Bc5 22. Qa6 Rxf2 23. Rxf2 Qe2 24. Qc4+ 1-0

[Event "TUR-ch op"]
[Site "Antalya"]
[Date "2008.02.08"]
[Round "9.25"]
[White "Aktas, Ilker"]
[Black "Kulaber, Fatih"]
[Result "1-0"]
[WhiteElo "1990"]
[BlackElo "1748"]
[PlyCount "81"]
[EventDate "2008.02.04"]
[EventType "swiss"]
[EventRounds "11"]
[EventCountry "TUR"]
[SourceTitle "CBM 122 Extra"]
[Source "ChessBase"]
[SourceDate "2008.03.04"]
[SourceVersion "1"]
[SourceVersionDate "2008.03.04"]
[SourceQuality "1"]

1. e4 e6 2. d4 d5 3. Nc3 Nf6 4. e5 Nfd7 5. f4 c5 6. Nf3 Nc6 7. Be3 a6 8. Qd2 b5 9. Bd3 c4 10. Be2 Bb4 11. 0-0 Nb6 12. a3 Bxc3 13. Qxc3 Na4 14. Qe1 Nxb2 15. Qg3 Kf8 16. f5 exf5 17. Nh4 Ne7 18. Bg5 g6 19. Bh6+ Ke8 20. Qf4 Be6 21. g4 Qd7 22. h3 Rg8 23. Kh2 Kd8 24. Bg5 Kc7 25. Bxe7 Qxe7 26. gxf5 g5 27. Qc1 gxh4 28. fxe6 fxe6 29. Qxb2 Qg5 30. Rf7+ Kb6 31. Bg4 Qd2+ 32. Kh1 h5 33. Rd1 Qe3 34. Rf3 Qe4 35. Qb4 Rac8 36. Re1 Qxc2 37. Rf6 hxg4 38. Rxe6+ Kb7 39. Qd6 Qa4 40. Re7+ Ka8 41. Qxd5+ 1-0

[Event "TUR-ch op"]
[Site "Antalya"]
[Date "2008.02.07"]
[Round "6.65"]
[White "Kulaber, Fatih"]
[Black "Nardemir, Ismail Berat"]
[Result "1-0"]
[WhiteElo "1748"]
[BlackElo "1404"]
[PlyCount "93"]
[EventDate "2008.02.04"]
[EventType "swiss"]
[EventRounds "11"]
[EventCountry "TUR"]
[SourceTitle "CBM 122 Extra"]
[Source "ChessBase"]
[SourceDate "2008.03.04"]
[SourceVersion "1"]
[SourceVersionDate "2008.03.04"]
[SourceQuality "1"]

1. c4 e6 2. Nc3 c6 3. d4 d5 4. e4 dxe4 5. Nxe4 h6 6. Nf3 Nf6 7. Nxf6+ Qxf6 8. Bd3 Bb4+ 9. Bd2 Bxd2+ 10. Qxd2 Qd8 11. 0-0 Nd7 12. Rfe1 0-0 13. Rad1 Qc7 14. Qc2 Nf6 15. b4 b6 16. c5 b5 17. Ne5 a5 18. a3 axb4 19. axb4 Nd5 20. Rb1 Bb7 21. Re4 Ra4 22. Qd2 Rfa8 23. Rg4 Kf8 24. g3 Ra2 25. Qe1 g5 26. Re4 R8a3 27. Re2 Rxe2 28. Bxe2 f6 29. Ng6+ Kg7 30. Bh5 Bc8 31. h4 Qd8 32. Rc1 Ra4 33. Rb1 Ra3 34. Kh2 Nc3 35. Ra1 Rxa1 36. Qxa1 Qxd4 37. Kg2 Bd7 38. Qa8 Qe4+ 39. Kh2 Qxg6 40. Bxg6 Kxg6 41. Qg8+ Kf5 42. Qh7+ Ke5 43. Qxd7 gxh4 44. Qxc6 hxg3+ 45. fxg3 Ne4 46. Qxe4+ Kxe4 47. c6 1-0

[Event "TUR-ch op"]
[Site "Antalya"]
[Date "2008.02.05"]
[Round "3.75"]
[White "Gulbay, Omer Deniz"]
[Black "Kulaber, Fatih"]
[Result "0-1"]
[WhiteElo "1456"]
[BlackElo "1748"]
[PlyCount "48"]
[EventDate "2008.02.04"]
[EventType "swiss"]
[EventRounds "11"]
[EventCountry "TUR"]
[SourceTitle "CBM 122 Extra"]
[Source "ChessBase"]
[SourceDate "2008.03.04"]
[SourceVersion "1"]
[SourceVersionDate "2008.03.04"]
[SourceQuality "1"]

1. d4 e6 2. c4 c5 3. e3 Nf6 4. Nf3 cxd4 5. exd4 Bb4+ 6. Nbd2 Nc6 7. a3 Qa5 8. Bd3 0-0 9. 0-0 Bxd2 10. Bxd2 Qh5 11. b4 d6 12. Re1 d5 13. c5 h6 14. Bf4 g5 15. Bd6 g4 16. Bxf8 gxf3 17. Bd6 Nxd4 18. Bh7+ Nxh7 19. Qxd4 Ng5 20. Qe5 fxg2 21. Kxg2 Qh3+ 22. Kh1 Qf3+ 23. Kg1 Nh3+ 24. Kf1 Qxf2# 0-1